banner koha

Survey of mutations in prolificacy genes in Santa Ines and Morada Nova sheep (Registro n. 300474)

MARC details
000 -LÍDER
fixed length control field 03335nab a2200337 i 4500
003 - CÓDIGO MARC DA AGÊNCIA CATALOGADORA
Campo de controle BR-BrBNA
005 - DATA E HORA DA ÚLTIMA ATUALIZAÇÃO
Campo de controle 20240710134318.0
008 - CAMPO DE TAMANHO FIXO
fixed length control field 240710b2017 bl.|r|pooa||| 00| 0 eng |
040 ## - FONTE DA CATALOGAÇÃO
Agência catalogadora BR-BrBNA
Idioma da catalogação eng
072 ## - CATEGORIA AGRIS
Código AGRIS L10
Código do objeto 5240
100 ## - ENTRADA PRINCIPAL - NOME PESSOAL
Nome pessoal Holanda, G.M.L.
100 ## - ENTRADA PRINCIPAL - NOME PESSOAL
Nome pessoal Oliveira, J.C.
100 ## - ENTRADA PRINCIPAL - NOME PESSOAL
Nome pessoal Silva, D.M.F.
100 ## - ENTRADA PRINCIPAL - NOME PESSOAL
Nome pessoal Rocha, S.S.N.
100 ## - ENTRADA PRINCIPAL - NOME PESSOAL
Nome pessoal Pandolfi, V.
100 ## - ENTRADA PRINCIPAL - NOME PESSOAL
Nome pessoal Adrião, M.
100 ## - ENTRADA PRINCIPAL - NOME PESSOAL
Nome pessoal Wischral, A.
245 ## - TÍTULO PRINCIPAL
Título principal Survey of mutations in prolificacy genes in Santa Ines and Morada Nova sheep
500 ## - NOTA GERAL
Nota geral Publicação online; 23 ref.; Summaries (En, Pt)
942 ## - ADDED ENTRY ELEMENTS (KOHA)
Koha item type
520 ## - NOTA DE RESUMO
Nota de conteúdo <br/><br/>ABSTRACT - Polymorphisms in the BMP-15 gene related to Galway (FecXG) and Inverdale (FecXI) and in the BMPR-1B gene known as Booroola (FecB) mutations were investigated using the Polymerase Chain Reaction - Restriction Fragment Length Polymorphism (PCR-RFLP) method, on sheep from the breeds Santa Inês (n= 574) and Morada Nova (n=282). DNA was extracted and amplified through PCR with specific primers that introduced a restriction site in association with the mutation. The PCR products were submitted to endonucleases. The experiment found no FecXG and FecXI mutations. Six samples of animals with multiple offspring/birth history presented polymorphism for FecB similar to control samples, but this pattern was not confirmed by nucleotide sequencing. Although the absence of these mutations in the studied breeds, other factors related to prolificacy should be investigated to explain the inherent prolificity mechanisms.<br/><br/><br/>Keywords: Galway, Inverdale, Booroola, sheep, prolificacy gene, Santa Inês, Morada Nova
520 ## - NOTA DE RESUMO
Nota de conteúdo <br/><br/>RESUMO - Polimorfismos Galway (FecXG) e Inverdale (FecXI), relacionados ao gene BMP-15, e Booroola (FecB), localizado no gene BMPR-1B, foram investigados usando-se a técnica de reação em cadeia da polimerase – polimorfismo de comprimento de fragmentos de restrição (PCR-RFLP), em ovelhas Santa Inês (n= 574) e Morada Nova (n=282). O DNA foi extraído e amplificado por PCR com iniciadores específicos, que introduziram um sítio de restrição associado à mutação, em seguida os amplicons foram submetidos à ação de endonucleases. Não foram observadas as mutações FecXG e FecXI nas amostras estudadas. Amostras de seis animais com histórico de partos gemelares apresentaram polimorfismo para FecB semelhantes às amostras controle, mas esse padrão não foi confirmado pelo sequenciamento de nucleotídeos. Apesar da ausência dessas mutações nos animais das raças estudadas, outros fatores relacionados à prolificidade devem ser pesquisados para explicar os mecanismos da alta prolificidade desses animais.<br/><br/><br/>Palavras-chave: Galway, Inverdale, Booroola, ovelha, gene da prolificidade, Santa Inês, Morada Nova
650 ## - ASSUNTO - THESAGRO
Cabeçalho tópico ou nome geográfico OVELHA
650 ## - ASSUNTO - THESAGRO
Cabeçalho tópico ou nome geográfico LINHAGEM
650 ## - ASSUNTO - THESAGRO
Cabeçalho tópico ou nome geográfico GENE
650 ## - ASSUNTO - THESAGRO
Cabeçalho tópico ou nome geográfico MUTAÇÃO
650 ## - ASSUNTO - THESAGRO
Cabeçalho tópico ou nome geográfico REPRODUÇÃO ANIMAL
773 0# - ENTRADA ANALÍTICA
Host Biblionumber 1643
Registro do item 316242
Imprenta Belo Horizonte-MG Universidade Federal de Minas Gerais - Escola de Veterinaria 1983
Outro identificador 2024-2643
Título Arquivo Brasileiro de Medicina Veterinária e Zootecnia (Brazil)
ISSN 0102-0935
Colação v. 69(4) p. 1047-1053; (2017)
Número de controle de registro BR2024001672
856 ## - ACESSO E ENDEREÇO ELETRÔNICO
Identificador uniforme de recurso - URI https://www.scielo.br/j/abmvz/a/DGkpZvLx64fvQ6R5ZYZjxsK/?format=pdf&lang=en

Nenhum exemplar disponível.

BINAGRI

Telefone: (61)3218-2567/2388/3357/2097 - binagri@agro.gov.br

Ministério da Agricultura e Pecuária , Esplanada dos Ministérios, Bloco D, Anexo B, Brasília/DF, CEP: 70.043-900